Formation of Islamic law (Record no. 3415)

MARC details
000 -LEADER
fixed length control field 00516nam a2200193Ia 4500
020 ## - INTERNATIONAL STANDARD BOOK NUMBER
ISBN 0-86078-714-1
082 ## - DEWEY DECIMAL CLASSIFICATION NUMBER
Classification number 340.59 FOR-
245 #0 - TITLE STATEMENT
Title Formation of Islamic law
260 ## - PUBLICATION, DISTRIBUTION, ETC. (IMPRINT)
Place of publication Aldershot
Name of publisher Ashgate Publishing
Year of publication 2004
300 ## - PHYSICAL DESCRIPTION
Number of Pages xl, 417p.
440 ## - SERIES STATEMENT/ADDED ENTRY--TITLE
Title The Formation of the Classical Islamic World
504 ## - BIBLIOGRAPHY, ETC. NOTE
Bibliography, etc Includes index
650 ## - SUBJECT ADDED ENTRY--TOPICAL TERM
Topical Term Law, Islamic
650 ## - SUBJECT ADDED ENTRY--TOPICAL TERM
Topical Term Islamic law - History
650 ## - SUBJECT ADDED ENTRY--TOPICAL TERM
Topical Term Civil Law (Islamic law)
700 ## - ADDED ENTRY--PERSONAL NAME
Personal name Hallaq, Wael B.
700 ## - ADDED ENTRY--PERSONAL NAME
Personal name Conrad, Lawrence I.
942 ## - ADDED ENTRY ELEMENTS (KOHA)
Koha item type Books
Holdings
Withdrawn status Lost status Damaged status Not for loan Home library Current library Date acquired Bill Date Full call number Accession Number Price effective from Koha item type
        NASSDOC Library NASSDOC Library 09/09/2004 2004-10-05 340.59 FOR- 39513 18/04/2019 Books